[Event "Tata Steel-A 77th"]
[Site "Wijk aan Zee"]
[Date "2015.01.10"]
[Round "1"]
[White "Radjabov, Teimour"]
[Black "Van Wely, Loek"]
[Result "1/2-1/2"]
[WhiteElo "2734"]
[BlackElo "2667"]
[Annotator "Szabo,Kr"]
[PlyCount "70"]
[EventDate "2015.01.10"]
[EventType "tourn"]
[EventRounds "13"]
[EventCountry "NED"]
[EventCategory "20"]
[SourceTitle "CBM 165"]
[Source "ChessBase"]
[SourceDate "2015.03.11"]
[SourceVersion "1"]
[SourceVersionDate "2015.03.11"]
[SourceQuality "1"]

1. e4 d6 2. d4 Nf6 3. Nc3 g6 4. f4 Bg7 5. Nf3 c5 6. d5 O-O 7. Bd3 e6 8. dxe6
Bxe6 (8... fxe6 9. O-O Nc6 10. Kh1 a6 11. a4 Qe7 12. Bc4 Nh5 13. f5 $1 $36 {
with a nice initiative for White, Kr.Szabo-Z.Szabo, Hungary chT 2009.}) 9. f5
gxf5 $5 $146 {A quite strange novelty. Black weakens his kingside, however he
would like to gain the centre with ...d5.} (9... Bd7 10. O-O Bc6 11. Qe1 Re8
12. Qh4 Nbd7 13. fxg6 hxg6 {(Abdulla-F.Abbasov, Baku 2011)} 14. Ng5 $36 {
was the strong reply, and White has some attacking chances on the kingside.})
10. exf5 Bd7 11. O-O Bc6 {More solid than 11...d5.} ({Nevertheless} 11... d5
12. Bg5 Bc6 {was also an interesting possibility.}) 12. Bg5 Nbd7 13. Bc4 {
White has avoided ...d5 and the B looks active on the a2-g8 diagonal. On the
other hand after ...Nb6 the B has to leave the diagonal.} h6 14. Bh4 Nb6 ({
The engine suggests the interesting} 14... Re8 $5 {, and in the event of} 15.
Qxd6 Ne5 16. Qxd8 Nxf3+ 17. Rxf3 Raxd8 $44 {with nice compensation for the P.})
15. Bb5 Re8 (15... d5 $5 {was also an alternative.}) 16. Qd3 d5 17. Rae1 Rxe1
18. Rxe1 Nbd7 (18... d4 $5 19. Ne4 Bxe4 20. Rxe4 Qd6 $13 {and the b5 B can be
in trouble.}) 19. Bxc6 bxc6 20. b3 Qa5 21. h3 Qb4 22. Bf2 Nh5 23. Na4 Nhf6 (
23... c4 $142 {was more accurate} 24. Qe3 Nhf6 {and Black doesn't have any
problem.}) 24. Qa6 {Radjabov doesn't want to repeat with 24.Nc3, he would like
to attack Black's queenside.} (24. c4 $5) 24... Qb5 25. Qxb5 cxb5 26. Nxc5 Nxc5
27. Bxc5 Rc8 28. Bxa7 Rxc2 {White is a P up, but Black is becoming really
active; he has enough compensation for the P.} 29. a4 ({The passive} 29. Ra1
$142 {was the last chance for White to keep the material advantage.} Ne4 30.
Bd4 b4 31. a4 bxa3 32. Rxa3 Bxd4+ 33. Nxd4 Rd2 {and Black has some
compensation, but still he needs some accurate moves in order to equalise.})
29... bxa4 30. bxa4 Ra2 31. Rb1 Rxa4 32. Rb8+ Kh7 33. Rb7 Kg8 34. Rb8+ Kh7 35.
Rb7 Kg8 {and finally it is a draw.} 1/2-1/2

[Event "Tata Steel-A 77th"]
[Site "Wijk aan Zee"]
[Date "2015.01.15"]
[Round "5"]
[White "Saric, Ivan"]
[Black "Radjabov, Teimour"]
[Result "0-1"]
[WhiteElo "2666"]
[BlackElo "2734"]
[Annotator "Pavlovic,M"]
[PlyCount "120"]
[EventDate "2015.01.10"]
[EventType "tourn"]
[EventRounds "13"]
[EventCountry "NED"]
[EventCategory "20"]
[SourceTitle "CBM 165"]
[Source "ChessBase"]
[SourceDate "2015.03.11"]
[SourceVersion "1"]
[SourceVersionDate "2015.03.11"]
[SourceQuality "1"]

1. e4 e5 2. Nf3 Nc6 3. Bb5 Nf6 4. d3 Bc5 5. Bxc6 dxc6 6. Nbd2 Be6 7. O-O Bd6 8.
b3 Nd7 9. Nc4 Bxc4 10. bxc4 O-O 11. Bg5 $5 {An interesting idea.} (11. Rb1 {
this move must be played sooner or later} b6 12. g3 f5 13. exf5 Rxf5 14. Qe2 (
14. Be3 Qe8 15. Nd2 Qg6 16. Ne4 Raf8 17. Kg2 Nf6 18. Qe2 $6 (18. f3 Nxe4 19.
dxe4 R5f7 20. Qe2 $11) 18... Nxe4 19. dxe4 Rf3 $1 20. Kg1 Qxe4 $17 {1/2-1/2 
(61) Anand,V (2785)-Aronian,L (2815) Dubai UAE 2014}) 14... Nc5 15. Be3 Ne6 16.
Nd2 Qf6 17. Qg4 Rf8 18. Ne4 Qf7 19. a4 h5 20. Qe2 Be7 21. a5 Qg6 22. axb6 axb6
23. Kh1 Rf3 $132 {1/2-1/2 (48) Carlsen,M (2843)-Aronian,L (2816) Sao Paulo/
Bilbao BRA/ESP 2012}) 11... Be7 (11... f6 12. Be3 b5 13. cxb5 cxb5 14. c3 c6
15. a4 a6 16. Nh4 Rf7 17. Nf5 Bf8 $13) 12. Be3 Bd6 13. g3 g6 ({The alternative
might look premature:} 13... f5 14. exf5 Rxf5 15. Nd2 Qe8 16. Qg4 Qe6 17. Ne4
Raf8 18. a4 $5 h5 19. Qh3 Qg6 20. a5 b6 21. axb6 axb6 22. Qg2 c5 23. Ra7 $36)
14. Nh4 $6 {A serious innacuracy, it was much better to play} (14. Rb1 $1 {
important prophylaxis} b6 {and only now} 15. Nh4 {I will give few possible
ideas how the game might continue:} Bc5 (15... Re8 16. Ng2 Nf8 ({Black can
also try} 16... Bf8 17. f4 exf4 18. gxf4 f5 19. e5 Nc5 20. Qf3 Qd7 21. Kh1 b5 {
with interesting play ahead of us}) 17. f4 exf4 18. gxf4 f5 19. e5 Be7 20. d4
$36) 16. Bh6 Re8 17. Kh1 Bf8 18. Qd2 Qe7 19. Ng2 Bxh6 20. Qxh6 Qf8 21. Qd2 Nc5
22. f4 Rad8 23. Qf2 exf4 24. gxf4 f5 25. e5 Ne6 26. Rbd1 c5 27. c3 $14) 14...
b5 $1 {After this move Black is already equal. His counter play on the
queenside is obvious.} 15. Qg4 Nf6 16. Qf3 Nd7 {Safe play, Black could go with
more consistent with} (16... bxc4 17. Bg5 Be7 18. Rfd1 Qd6 $1 19. dxc4 Qe6 20.
Ng2 Rab8 21. Rab1 Nd7 $13) 17. a4 $2 {This move is rather pointless, perhaps
he wanted to have a5 in order to stop ...Nb6 at some point. It is obvious that
White lost the thread of the game at this moment.} bxc4 18. dxc4 Qe7 19. Rfd1
Qe6 $1 $15 {now the initiative is on thr black side.} 20. Qe2 Rfb8 21. Nf3 Rb4
$17 {Black is clearly better now.} 22. Nd2 a5 23. c3 Rb2 24. Rdb1 Rab8 25. Rxb2
Rxb2 26. Rb1 Rxb1+ 27. Nxb1 Bc5 28. Bh6 $6 {It is difficult to suggest
anything better for White so his idea to look for tactics is his only chance.}
(28. Nd2 Bxe3 29. Qxe3 Nb6 30. Qc5 Qd6 $1 $17) 28... Nb6 29. Nd2 Nxa4 30. Nb3
Nxc3 31. Qd3 Bd4 $19 32. Nxa5 Qg4 {Black could have finished off the game much
more quickly:} (32... Qf6 $1 {with the threat of ...g5} 33. Be3 Qf3 34. Nxc6
Ne2+ 35. Kf1 Nc1 {with mate to follow.}) 33. Nxc6 Qxe4 34. Qxe4 Nxe4 35. Kg2
Nd6 36. c5 Bxc5 37. Nxe5 Nf5 38. Bd2 f6 39. Nd7 Bd4 40. Ba5 c6 41. Nb8 c5 42.
Nc6 Bb2 43. Bb6 c4 44. Kf3 Kf7 {After the excitement before the first time
control, things have settled down and Black is a clear pawn up.} 45. g4 Nd6 46.
Ke3 Ke6 47. f3 Nb5 48. Nb4 Bc1+ 49. Kf2 Bd2 50. Nc2 Kd5 $19 {Now we can say
that Black is winning: he has successfully pushed back the white pieces and
the dominating position of the black king decides the game.} 51. Ke2 Bf4 52. h4
Kc6 53. Bd8 Nc3+ 54. Ke1 Nd5 55. Ke2 Kb5 56. Nd4+ Kb4 57. Ne6 Be5 58. Kd2 c3+
59. Kd3 Kb5 60. Kc2 Kc4 0-1

[Event "Tata Steel-A 77th"]
[Site "Wijk aan Zee"]
[Date "2015.01.16"]
[Round "6"]
[White "Radjabov, Teimour"]
[Black "Giri, Anish"]
[Result "1/2-1/2"]
[WhiteElo "2734"]
[BlackElo "2784"]
[Annotator "Ramirez Alvarez,A"]
[PlyCount "51"]
[EventDate "2015.01.10"]
[EventType "tourn"]
[EventRounds "13"]
[EventCountry "NED"]
[EventCategory "20"]
[SourceTitle "CBM 165"]
[Source "ChessBase"]
[SourceDate "2015.03.11"]
[SourceVersion "1"]
[SourceVersionDate "2015.03.11"]
[SourceQuality "1"]

1. e4 c5 2. Nf3 e6 3. d4 cxd4 4. Nxd4 Nc6 5. Nc3 Qc7 6. Be3 a6 7. Qf3 {These
variations with the queen on f3 are gaining some popularity. The idea is to
quickly 0-0-0 and maybe g4-g5.} Ne5 8. Qg3 h5 {Black plays to cause discomfort
for the White queen. It also prepares Ng4 in case of a quick f4.} 9. O-O-O h4
10. Qh3 b5 11. f4 Nc4 12. Bxc4 Qxc4 {White has lost the pair of bishops but
has a huge advantage in development. What exactly he can accomplish with this
will determine who stands better.} 13. f5 Bb7 {Sacrifices on e6 are looming
after this mo ve, but nothing seems to work just yet.} 14. Rhf1 Rc8 {Giri
continues his own develompent without yet paying attention to any of White's
threats.} 15. fxe6 (15. Nf3 $5 {with the idea of Ne5 looks somewhat illogical,
but it might not be so easy to meet.} f6 $1 {Is the computer suggestion, and
computers are very good in these positions, so it might worth a look.}) 15...
dxe6 16. Rxf7 $5 {An interesting sacrifice. Clearly this rook must be taken.
Black is being punished for his lack of development, but his pieces are still
very close to his king, providing good chances to set up a good defense.} (16.
Rd3 $5) 16... Kxf7 17. b3 (17. Nf3 {threatens Ne5+. Black has only one good
move, but it seems to be sufficient.} Rh5 18. Rd7+ Be7 19. Rxb7 Qf1+ $1 20. Nd1
Qd3 $1 {with a very murky position.}) 17... Ba3+ 18. Kb1 Qxc3 19. Qxe6+ Kf8 20.
Rf1+ Nf6 21. Rxf6+ {Now the game is a forced draw. White is getting mated and
he is running out of pieces to attack with, but his queen alone can force the
perpetual check.} gxf6 22. Qxf6+ Kg8 23. Qg6+ Kf8 24. Qf6+ Kg8 (24... Ke8 25.
Qg6+ Kd7 26. Qe6+ Kd8 27. Bg5+ Kc7 28. Bf4+ $11) 25. Qg6+ Kf8 26. Qf6+ 1/2-1/2

[Event "Tata Steel-A 77th"]
[Site "Wijk aan Zee"]
[Date "2015.01.18"]
[Round "8"]
[White "Radjabov, Teimour"]
[Black "Wojtaszek, Radoslaw"]
[Result "1-0"]
[WhiteElo "2734"]
[BlackElo "2744"]
[Annotator "Havasi,G"]
[PlyCount "117"]
[EventDate "2015.01.10"]
[EventType "tourn"]
[EventRounds "13"]
[EventCountry "NED"]
[EventCategory "20"]
[SourceTitle "CBM 165"]
[Source "ChessBase"]
[SourceDate "2015.03.11"]
[SourceVersion "1"]
[SourceVersionDate "2015.03.11"]
[SourceQuality "1"]

1. e4 c5 2. Nf3 d6 3. d4 cxd4 4. Nxd4 Nf6 5. Nc3 a6 6. h3 e5 7. Nde2 b5 (7...
h5 {is the usual move}) 8. Bg5 {White plays for the d5-square positionally.} (
8. g4 {is more in the spirit of this line} Bb7 9. Bg2 Be7 10. Ng3 $14) 8...
Nbd7 {Black wants to take on f6 with the N.} 9. Nd5 Bb7 10. Nec3 Rc8 (10... Be7
{led to a slightly better position for White} 11. Bxf6 Bxf6 12. a4 bxa4 13.
Rxa4 O-O 14. Bc4 Nc5 15. Ra2 $14 {1/2 (45) Heberla,B (2556)-Antoniewski,R 
(2550) Frydek-Mistek CZE 2014}) 11. Nxf6+ $146 (11. a4 {has been played before}
b4 12. Nxb4 Qa5 13. Nbd5 Nxe4 $132 {1-0 (75) Czarnota,P (2526)-Mazurkiewicz,M 
(2223) Katowice POL 2014}) 11... Nxf6 (11... gxf6 $5 {is also interesting in
the spirit of the Sveshnikov System} 12. Be3 Qa5 $13 (12... Rg8 $13) (12... f5
$13)) 12. a4 b4 13. Nd5 Be7 $1 {Black has to play this move, the d5 N can't be
taken.} (13... Bxd5 14. exd5 $14) 14. Bxf6 Bxf6 15. Nxb4 (15. b3 {prepares Bc4,
but is obviously not dangerous for Black} O-O 16. Bc4 a5 $11) 15... O-O (15...
Rc5 16. Nxa6 Bxa6 17. Bxa6 Qa5+ 18. b4 $1 Qxb4+ 19. Kf1 O-O 20. c4 $14) 16. c3
Bxe4 (16... Rc5 17. Bxa6 Bxe4 {transposes to the game.}) 17. Bxa6 Rc5 18. O-O
Ba8 {Black prepares for ...d5.} 19. Re1 $1 {I like this move , White wants to
move his B to f1, which will be useful to defend the g2 B just in case.} d5 20.
Bf1 $1 e4 {Black's play is also very logical, he gains space and makes d4
stronger in the future.} 21. Nc2 $1 {White also plays very well, the N will be
very well placed on d4.} Be5 (21... Qb6 {is a queenside try} 22. Ra2 $14) 22.
Nd4 Bb8 (22... Qb6 23. Ra2 $14) 23. g3 $1 {A good prophylactic move.} Qb6 24.
Qe2 $1 {A very good move. In the event of Qg6, he keeps the possibility of Qg4
and prepares for Qa6.} (24. Ra3 {would be very interesting} f5 $1 (24... Qxb2
25. Rb3 Qa2 26. Bb5 $18) 25. f4 $1 g5 $1 26. Qh5 $1 gxf4 27. Qg5+ $1 Kh8 28.
Rb3 $1 Qa7 29. Rxb8 $1 Qxb8 $13) 24... Rcc8 (24... f5 25. Qa6 $1 Qxb2 26. Red1
$16) 25. a5 $16 Qg6 26. Qg4 Qh6 27. h4 $1 {Preparing Qg5.} Kh8 (27... Be5 28.
Qg5 Qxg5 29. hxg5 $16) 28. Qg5 Qd6 (28... Qxg5 29. hxg5 $16) 29. Nf5 Qe5 30. f4
$1 h6 31. Qxh6+ gxh6 32. fxe5 Bxe5 33. Be2 Rb8 34. Ra2 Kh7 (34... Rb3 35. Bd1
$16) 35. Rd1 Rb3 36. Kf2 Rfb8 37. Rd2 Kg6 38. Ne7+ (38. g4 $16 {is also good,
if you are afraid of the bishops of opposite colours.}) 38... Kf6 39. Nxd5+
Bxd5 40. Rxd5 Rxb2 41. Rxb2 Rxb2 42. Ke3 (42. a6 Bb8 43. g4 Ra2 44. Rd7 Ke6 45.
Rb7 Bd6 $14) 42... Bxg3 43. a6 Bh2 $2 (43... Rc2 $1 44. Bb5 Rxc3+ 45. Kxe4 Ra3
{is a better chance.}) 44. Bc4 $1 {White exploits the advantage with nice play.
Kxe4 followed by Rf5 can't be defended.} Rc2 45. Kxe4 Rxc3 46. Rf5+ Kg7 47.
Rxf7+ Kg6 48. Bd5 Bg1 49. Rf1 Bc5 50. Ke5 Ra3 51. Rf6+ Kh5 52. Rf4 Kg6 53. Rg4+
Kh7 54. Be4+ Kh8 55. Rg6 h5 56. Rc6 Bf8 57. Kf6 Kg8 58. Bd5+ Kh7 59. Kf7 1-0

[Event "Tata Steel-A 77th"]
[Site "Wijk aan Zee"]
[Date "2015.01.20"]
[Round "9"]
[White "Carlsen, Magnus"]
[Black "Radjabov, Teimour"]
[Result "1-0"]
[WhiteElo "2862"]
[BlackElo "2734"]
[Annotator "CB"]
[PlyCount "79"]
[EventDate "2015.01.10"]
[EventType "tourn"]
[EventRounds "13"]
[EventCountry "NED"]
[EventCategory "20"]
[SourceTitle "CBM 165"]
[Source "ChessBase"]
[SourceDate "2015.03.11"]
[SourceVersion "1"]
[SourceVersionDate "2015.03.11"]
[SourceQuality "1"]

1. e4 e5 2. Nf3 Nc6 3. Bb5 Nf6 4. d3 {An Anti-Berlin that has done well this
tournament. MVL beat Giri with it.} Bc5 5. O-O d6 6. Nbd2 O-O 7. Bxc6 bxc6 8.
h3 h6 {The game will be quite strategical. White has the structural advantage
but Black can remain solid and in the long run he has the pair of bishops.} 9.
Re1 Re8 10. Nf1 a5 11. Ng3 Rb8 12. b3 Bb4 13. Bd2 Ra8 $6 {Black's last few
moves are difficult to understand. Now White gets a slight edge by building up
his center.} 14. c3 Bc5 15. d4 Bb6 (15... exd4 16. cxd4 Bb6 {changes the
character of the position to something more agreeable with the pair of bishops,
but it still looks more pleasant to be White.}) 16. dxe5 dxe5 17. c4 Nh7 18.
Qe2 Nf8 19. Be3 c5 {Even though this is (some) engines recommendation and the
move that Radjabov chose... it is so painful to see this bishop on b6 trapped
as it is.} (19... Bxe3 20. Qxe3 Qe7 {at least there is no entombed bishop on
b6 here.}) 20. Rad1 Qf6 21. Nh5 Qe7 22. Nh2 {White starts a slow but standard
attack on the kingside. And why not? It's not like Radjabov's pieces on the
queenside are doing much at the moment.} Kh7 23. Qf3 f6 (23... a4 24. Ng4 Ng6 {
was a better choice, probably.}) 24. Ng4 {Already White threatens nasty
sacrifices} Bxg4 (24... a4 25. Ngxf6+ gxf6 26. Nxf6+ Kg6 27. Nxe8 Qxe8 28. Rd5
{with a strong attack.}) 25. Qxg4 Red8 $2 (25... g6 $1 {Black absolutely
needed to take control over some lightsquares!}) 26. Qf5+ Kh8 27. f4 Rxd1 28.
Rxd1 exf4 29. Bxf4 Qe6 30. Rd3 Re8 {Missing White's blow, but Radjabov's
position was already delicate.} 31. Nxg7 $1 Kxg7 32. Qh5 {Black cannot hope to
hold his kingside together, much less with that bishop stuck on b6.} Nh7 33.
Bxh6+ Kh8 34. Qg6 Qg8 35. Bg7+ Qxg7 36. Qxe8+ {The rest is easy. For all
practical purposes White is up the echange.} Qf8 37. Qe6 Qh6 38. e5 Qc1+ 39.
Kh2 Qf4+ 40. Rg3 1-0